| 000 | 00992nam a22002057a 4500 | ||
|---|---|---|---|
| 999 |
_c7231 _d7231 |
||
| 003 | AR-CdUCM | ||
| 008 | 190320b ||||| |||| 00| 0 spa d | ||
| 040 |
_aMUNICIPALIDAD PROVINCIAL DEL CUSCO _cBIBLIOTECA MUNICIPAL DEL CUSCO |
||
| 082 |
_a696 / _bH11 |
||
| 100 |
_aHaan , Enno R. _920378 |
||
| 245 | _aGuía de Plomería domestica / | ||
| 260 |
_aMéxico : _bUTEHA , _c1967. |
||
| 300 |
_a297 páginas ; _c23 cm. |
||
| 505 | _aContenido : Plomeria Doméstica Moderna --Herramientas de Plomería y su empleo -- Datos Relativos a los tubos -- Guías para los Proyectos -- El sistema de desagüe Doméstico -- Eliminación provada de desperdicios y aguas negras -- Transtornos en el desagüe. Causas y Remedios -- Instalación de la tubería de abastecimientos y distribución e agua a la casa -- Suministro privado de agua -- Válvulas y grifos... | ||
| 650 |
_aGasfiteria _920379 |
||
| 650 |
_aPlomeria _920380 |
||
| 650 |
_aOficio Domestico _920381 |
||
| 942 |
_2ddc _cLIBROS |
||
| 945 | _artm | ||